000 00553nam a2200193Ia 4500
003 GCL
008 140319s9999 xx 000 0 ara d
040 _aGCL /
_cGCL
082 0 4 _a347.06
_bم ج
100 1 _aمحمد نيازى حتاته
245 1 0 _aجرائم البغاء دراسة مقارنة /
_cمحمد نيازى حتاته
300 _a629 ص
490 _a
650 0 4 _aالقانون الجنائى
650 0 4 _aالجرائم الجنسية
650 0 4 _aالبغاء
650 0 4 _aالقانون - مصر
942 _2ddc
_cBK
999 _c37587
_d37587